00578nam a22001577a 450000500170000000800410001702000180005808200190007610000210009524500700011626000460018636500150023294200070024799900170025495201490027120240823161301.0240822b |||||||| |||| 00| 0 eng d a9780231193740 a909 SACb33560 aJeffrey D. Sachs aThe Ages of Globalization :Geography, Technology, and Institution aNew YorkbColumbia University Pressc2020 aRsb873.69 cBK c41517d41517 00102ddc4070aIMTNbIMTNcRack 43-Bd2024-08-22fRsg873.69iDEL5-2565353l2o909 SACp33560r2025-09-22 00:00:00s2024-12-19w2024-08-22yBK